• 首页
  • 本馆介绍
  • 公告通知
  • 最新文献
  • 馆藏检索
  • 电子资源
  • 读者导购
  • 参考咨询
  • 我的图书馆
  • 登录
  • 详细信息显示
  • 放入我的书架
  • 预约/预借图书
  • 作者相关作品
  • 分类相关作品
  • 丛书相关作品
  • 出版社相关作品

书目信息

  • 表格格式
  • 工作单格式
  • 卡片格式
题名:
现代分子生物学实验技术
    
 
作者: 卢圣栋 主编
分册:  
出版信息: 北京   中国协和医科大学出版社  1999
页数: 10,813页
开本: 28cm
丛书名:
单 册:
中图分类: Q7-33
科图分类:
主题词: 分子生物学--实验
电子资源:
ISBN: 978-7-81072-006-9
000 00921n|m0 2200253 450
001 0102590582
005 20121109170000.0
010    @a978-7-81072-006-9@b精装@dCNY148.00
100    @a20011204d1999 em y0chiy0110 ea
101 0  @achi
102    @aCN@b110000
105    @aa z 001yy
135    @adrbn ---auuuu
200 1  @a现代分子生物学实验技术@9Xian Dai Fen Zi Sheng Wu Xue Shi Yan Ji Shu;Zhu @f卢圣栋主编@b电子资源.图书
210    @a北京@c中国协和医科大学出版社@d1999
215    @a10,813页@c图@d28cm@e光盘1片
325    @a电子复制品
330    @a本书共分32章,比较系统、全面地介绍了现代分子生物学常用实验技术与方法,反映了当代基因工程与分子生物学研究的主要进展与发展趋势。
510 1  @aCurrent Protocols for Molecular Biology@zeng
606 0  @a分子生物学@x实验
690    @aQ7-33@v4
701  0 @a卢圣栋@f(1937~)@9lu sheng dong@4主编
801  0 @aCN@bAZmarc@c20230904
905    @dQ7-33@e4@f2@sQ7-33/4@aBZT
    
    现代分子生物学实验技术/卢圣栋主编[电子资源.图书].-北京:中国协和医科大学出版社,1999
    10,813页:图;28cm+光盘1片
    
    
    ISBN 978-7-81072-006-9(精装):CNY148.00
    本书共分32章,比较系统、全面地介绍了现代分子生物学常用实验技术与方法,反映了当代基因工程与分子生物学研究的主要进展与发展趋势。
●
相关链接 在五车中查询图书 在当当中查询图书 在豆瓣中查询图书


正题名:现代分子生物学实验技术     索取号:Q7-33/4         预约/预借

序号 登录号 条形码 馆藏地/架位号 状态 备注
1 2000066998   2000066998   旧书回溯/ [索取号:Q7-33/4] 在馆    
2 2000135488   2000135488   旧书回溯/ [索取号:Q7-33/4] 在馆    
山东省滨州职业学院图书馆 欢迎您!
大连网信软件有限公司© 版权所有